|
|
|
|
| LEADER |
00000nas a2200000 a 4500 |
| 001 |
ssj0000685131 |
| 003 |
WaSeSS |
| 005 |
20200512172242.0 |
| 006 |
m d |
| 007 |
cr n |
| 008 |
120227c20109999bl uu p s 0 0por c |
| 010 |
|
|
|a 2012267091
|
| 022 |
|
|
|a 2236-0972
|l 2236-0972
|
| 035 |
|
|
|a (WaSeSS)ssj0000685131
|
| 040 |
|
|
|a CNCGM
|b eng
|c CNCGM
|d VT2
|d OCLCQ
|d DOS
|d OCLCQ
|d CUS
|d OCLCF
|d OCLCO
|d OCLCQ
|d OCLCA
|d WaSeSS
|
| 041 |
0 |
|
|a por
|b eng
|
| 042 |
|
|
|a pcc
|
| 043 |
|
|
|a s-bl---
|
| 050 |
|
4 |
|a HD69.P75
|b R48 online
|
| 210 |
0 |
|
|a Rev. Gest. Proj.
|
| 222 |
|
0 |
|a Revista de Gestão e Projetos
|
| 245 |
0 |
0 |
|a Revista de gestão e projetos
|h [electronic resource].
|
| 246 |
1 |
|
|a GeP
|
| 246 |
1 |
|
|a Revista GeP
|
| 260 |
|
|
|a São Paulo :
|b Comitê Científico Interinstitucional
|
| 310 |
|
|
|a Three no. a year,
|b 2012-
|
| 321 |
|
|
|a Semiannual,
|b 2010-2011
|
| 362 |
1 |
|
|a Began with v. 1. n. 1 (jan./jun. 2010).
|
| 506 |
|
|
|a License restrictions may limit access.
|
| 546 |
|
|
|a Articles in English or Portuguese with abstracts and keywords in both English and Portuguese.
|
| 588 |
|
|
|a Description based on: V. 1. n. 1 (jan./jun. 2010); title from PDF caption (publisher website, viewed December 7, 2012).
|
| 588 |
|
|
|a Latest issue consulted: V. 3, n. 2 (mai./ago. 2012).
|
| 650 |
|
0 |
|a Project management
|v Periodicals.
|
| 650 |
|
0 |
|a Project management
|z Brazil
|v Periodicals.
|
| 650 |
|
0 |
|a Business
|v Periodicals.
|
| 650 |
|
0 |
|a Management
|v Periodicals.
|
| 650 |
|
7 |
|a Business.
|2 fast
|0 (OCoLC)fst00842262
|
| 650 |
|
7 |
|a Management.
|2 fast
|0 (OCoLC)fst01007141
|
| 650 |
|
7 |
|a Project management.
|2 fast
|0 (OCoLC)fst01078797
|
| 651 |
|
7 |
|a Brazil.
|2 fast
|0 (OCoLC)fst01206830
|
| 655 |
|
0 |
|a Electronic journals.
|
| 856 |
4 |
0 |
|z Full text available from Research Library: 01/01/2010 to present
|u https://search.proquest.com/publication/1686335
|